Posh Geometry Dash Level Names - Statistics

General Stats
  • This quiz has been taken 9 times
  • The average score is 15 of 23
Answer Stats
Posh Name Actual Name % Correct
Again on Rails Back on Track
100%
Radio Insanity Stereo Madness
100%
Station Succeeding Station Base After Base
71%
Rotations Cycles
71%
Charge Dash
71%
Deceased Fastened Deadlocked
71%
Parched Away Dry Out
71%
AC Male Escapades Electroman Adventures
71%
Digit Rush Fingerdash
71%
Dimensional Tyrant Geometrical Dominator
71%
Six Sided Polygon Strength Hexagon Force
71%
Hypothesis Including Everything Theory of Everything
71%
The Second Hypothesis Including Everything Theory of Everything 2
71%
Chronoportation Device Time Machine
71%
Letter Marking the Spot Pace XStep
71%
Crash Purification Blast Processing
57%
Unable To Release Cant Let Go
57%
Group Stride Clubstep
57%
Litter Panic Clutterfunk
57%
DC Ambulations Electrodynamix
57%
Item of Clothing Worn on the Torso Jumper
57%
Provocation The Challenge
29%
Noisy Spirit Poltargeist
14%
No matching quizzes found
Score Distribution
Percent of People with Each Score
Percentile by Number Answered
Your Score History
You have not taken this quiz